Zlato vybojovali Slováci Majstrovstvá sveta juniorov v hokejbale

Podrobná bibliografia
Hlavný autor: Kušnír, Juraj (Autor)
Médium: Článok
Jazyk:slovenčina
ISSN:0139-7001
Predmet:

MARC

LEADER 00000nab a2200000 a 4500
001 vtls000877931
003 SK-MaSNL
005 20260303193104.0
008 180206c2004 xo 0 slo
015 |a SNBRB2004/07-20314 
035 |a CLN000229483 
040 |a SNKBUCL  |b slo  |c SNKBUCL  |e AACR2 
041 0 |a slo 
044 |a xo  |c SK 
080 |a 796.33.093.1-053.6(100)  |2 UDC-MRF-SK2 
100 1 |a Kušnír, Juraj  |4 aut  |9 847038 
245 1 0 |a Zlato vybojovali Slováci  |b Majstrovstvá sveta juniorov v hokejbale  |c Juraj Kušnír 
611 1 7 |a Majstrovstvá sveta juniorov v hokejbale  |d 2004  |c Martin, Slovensko  |2 snkbucl  |9 857651 
650 0 7 |a hokejbal  |2 snkbucl  |9 19183 
650 0 7 |a juniori  |2 snkbucl  |9 838750 
655 7 |a články z novín a časopisov  |2 snkbucl  |9 267496 
773 0 |x 0139-7001  |t Šport  |g Roč. 58, č. 148 (28.6.2004), s. 33 
850 |a Slovenská národná knižnica v Martine 
852 |a SNK  |b KIS3GCP 
958 |a RBX 
999 |c 2150439  |d 2152369